|
|
|
|
| LEADER |
00000nam a2200000 4500 |
| 001 |
vtls012252112 |
| 003 |
SK-MaSNL |
| 005 |
20260302073252.0 |
| 008 |
240306s2023 xo o g c 000 0 slo |
| 015 |
|
|
|a SNBE2024
|
| 020 |
|
|
|a 9788089941247
|q (brožované)
|
| 040 |
|
|
|a SNK
|b slo
|c SNK
|e rda
|
| 041 |
0 |
|
|a slo
|
| 043 |
|
|
|a e-xo---
|
| 044 |
|
|
|a xo
|c SK
|
| 072 |
|
7 |
|a 77
|x Fotografia. Fotografické postupy
|2 konspekt
|
| 080 |
|
|
|a 77.092
|2 2011
|
| 080 |
|
|
|a 77.03/.08-027.562
|2 2011
|
| 080 |
|
|
|a (437.6)
|2 2011
|
| 080 |
|
|
|a (083.824)
|2 2011
|
| 080 |
|
|
|a (437.641)
|2 2011
|
| 111 |
2 |
|
|a AMFO
|n (51. :
|d 2023 :
|c Žilina, Slovensko)
|4 aut
|9 737477
|
| 245 |
1 |
0 |
|a AMFO 2023
|b krajské kolo : Poštová 1 - Žilina, 010 08 Žilina - Vlčince, 9.-30.6.2023 : 51. ročník celoštátnej postupovej súťaže a výstavy amatérskej fotografickej tvorby
|c zostavila Petra Rovderová
|
| 246 |
1 |
|
|i Obálkový podnázov:
|a Žilinský kraj
|
| 250 |
|
|
|a 1. vydanie
|
| 264 |
|
1 |
|a Žilina
|b Krajské kultúrne stredisko v Žiline
|c 2023
|
| 300 |
|
|
|a 40 strán
|b fotografie
|c 30 cm
|
| 336 |
|
|
|a text
|b txt
|2 rdacontent
|
| 336 |
|
|
|a statický obraz
|b sti
|2 rdacontent
|
| 337 |
|
|
|a bez média
|b n
|2 rdamedia
|
| 338 |
|
|
|a zväzok
|b nc
|2 rdacarrier
|
| 366 |
|
|
|e 120 kusov
|
| 500 |
|
|
|a Zoznam autorov a vystavených fotografií
|
| 611 |
2 |
7 |
|a AMFO
|n (51. :
|d 2023 :
|c Žilina, Slovensko)
|2 SNKKA
|9 737477
|
| 648 |
|
7 |
|a 2023
|2 SNKPH
|9 302451
|
| 650 |
0 |
7 |
|a fotografické súťaže
|2 SNKPH
|9 2908
|
| 650 |
0 |
7 |
|a amatérska fotografia
|2 SNKPH
|9 72795
|
| 650 |
0 |
7 |
|a Photographic competitions
|2 SNKPHeng
|9 302745
|
| 650 |
0 |
7 |
|a Amateur photography
|2 SNKPHeng
|9 270760
|
| 651 |
|
7 |
|a Žilinský kraj (Slovensko)
|2 SNKPH
|9 161162
|
| 651 |
|
7 |
|a Žilina Region (Slovakia)
|2 SNKPHeng
|9 267380
|
| 651 |
|
7 |
|a Žilina (Slovensko)
|2 SNKPH
|9 28812
|
| 651 |
|
7 |
|a Žilina (Slovakia)
|2 SNKPHeng
|9 265991
|
| 655 |
|
7 |
|a katalógy výstav
|2 SNKPH
|9 70445
|
| 655 |
|
7 |
|a Exhibition catalogs
|2 SNKPHeng
|9 266232
|
| 700 |
1 |
|
|a Rovderová, Petra
|4 com
|9 373585
|
| 852 |
|
|
|a Slovenská národná knižnica
|
| 919 |
|
|
|a 978-80-89941-24-7
|
| 954 |
|
|
|a obrazové publikácie zamerané na výtvarné umenie a fotografiu pôvodné (slovenské)
|2 lita
|
| 999 |
|
|
|c 1160161
|d 1162091
|
| 952 |
|
|
|a SNK
|b SNK
|y PREZ
|7 0
|p 17A1545376
|o snkOSB 21259
|i snk2024/3843
|8 0
|0 0
|1 0
|4 0
|d 2024-03-06
|l 0
|r 2026-02-24 20:30:34
|w 2026-02-24
|
| 952 |
|
|
|a SNK
|b SNK
|y VYP
|7 0
|p 17A1545377
|o snkOSB 21259 D1
|i snk2024/3844
|8 0
|0 0
|1 0
|4 0
|d 2024-03-06
|l 0
|r 2026-02-24 20:30:34
|w 2026-02-24
|